| 000 | 01334cam a22003737a 4500 | ||
|---|---|---|---|
| 003 | CHAP | ||
| 005 | 20220817042036.0 | ||
| 008 | 971013s1983 r 00010 d | ||
| 010 | _a32822 | ||
| 011 | _a33794 | ||
| 035 | _a37910 | ||
| 040 | _cCHAP | ||
| 090 | _aTesis | ||
| 100 | 0 | 0 |
_aLópez Montes, Genaro. _968139 |
| 245 | 0 | _aNemátodos fitoparásitos asociados al cultivo del aguacate en agroecosistemas de Atlixco y Tochimilco, Pue. | |
| 260 |
_aChapingo, Méx. : _bEl autor, _c1983 |
||
| 300 |
_a80 h. _b: gráfs. |
||
| 502 | _aTesis (Ing. Agr. Esp. en Parasitología Agrícola) -- UACH. Departamento de Parasitología Agrícola | ||
| 590 |
_aALEPH _b10 _c20130110 _lUCH01 _h1256 |
||
| 590 |
_aBATCH-UPD _b10 _c20130110 _lUCH01 _h0017 |
||
| 590 |
_aBATCH-UPD _b10 _c20130110 _lUCH01 _h1900 |
||
| 590 |
_aBATCH-UPD _b10 _c20130409 _lUCH01 _h1955 |
||
| 590 |
_aBATCH-UPD _b10 _c20130410 _lUCH01 _h1228 |
||
| 590 |
_aBATCH-UPD _b10 _c20130913 _lUCH01 _h2300 |
||
| 590 |
_aCONVERSION _b10 _c20130109 _lUCH01 _h1318 |
||
| 650 | 1 | 4 |
_aAguacate _xPlagas. _92543 |
| 650 | 1 | 4 |
_aCultivos asociados. _930370 |
| 650 | 1 | 4 | _aNemátodos parásitos de plantas. |
| 901 | _aBK | ||
| 942 | _cFOLL | ||
| 949 |
_bBC _cTES _d-86866 _eTS1 _i37910 _si |
||
| 949 |
_bBC _cTES _d-86867 _eTS2 _fc.2 _i37910 _si |
||
| 949 |
_bBC _cTES _d-86868 _eTS2 _fc.3 _h21797 _i37910 _si |
||
| 999 |
_c32822 _d32822 |
||